000 00292nam a22001217a 4500
041 _aENG
100 _aRajeshosale Suhas
245 _aSpardha Pariksha Bhag -1
260 _aPune
_bSpardh Pariksha Prakashan
_c2000
300 _a144
650 _aCompetitive (47)
856 _uCompetitive (47)
999 _c3092
_d3092